Beanby Estates Ltd v Egg Stores (Stamford Hill) Ltd (Record no. 73478)

MARC details
000 -LEADER
fixed length control field 02374cam a2200265 4500
001 - CONTROL NUMBER
control field ABS67080
008 - FIXED-LENGTH DATA ELEMENTS--GENERAL INFORMATION
fixed length control field 030929n2003 000 0 eng u
035 ## - SYSTEM CONTROL NUMBER
System control number (Sirsi) u123747
245 ## - TITLE STATEMENT
Title Beanby Estates Ltd v Egg Stores (Stamford Hill) Ltd
260 ## - PUBLICATION, DISTRIBUTION, ETC.
Date of publication, distribution, etc. 2003
490 ## - SERIES STATEMENT
Series statement Weekly Law Reports
Volume/sequential designation [2003] 1 WLR 2064-2081(19)
520 ## - SUMMARY, ETC.
Summary, etc. [2003] EWHC 1252 (Ch), 9 May 2003. Concerns the interpretation of the Landlord and Tenant Act 1927 s23 with regard to whether a s25 notice issued under the Landlord and Tenant Act 1954 Part II and sent by recorded delivery was deemed to have been served on the date the notice was issued rather than the date of receipt. In accordance with the 1954 Act s29(2), an application has to be made within four months of the service of the landlord's notice. The County Court held that tenant E's application for a new tenancy had been made just within the four-month period as the Landlord and Tenant Act 1927 s23, as extended by the Recorded Delivery Service Act 1962 and read with the Interpretation Act 1978 s7, had been complied with. On appeal by landlord (B), the HC held that under the 1927 Act s23, where a notice served under the 1954 Act s25 was sent through the post by recorded delivery to the addressee at his place of abode it was irrebuttably deemed to have been served, the service was deemed to have been made at the date that the notice had been served and not the date of actual receipt. The 1927 s23 was not subject to the Interpretation Act 1978 and it was not necessary to protect E's rights under the European Convention for the Protection of Human Rights and Fundamental Freedoms to change the ordinary meaning of s23 by applying the 1978 Act s7. Therefore E's application for a new tenancy was made outside the four-month time period. Appeal allowed. (See also Abs...).
590 ## - LOCAL NOTE (RLIN)
Local note ABS
650 ## - SUBJECT ADDED ENTRY--TOPICAL TERM
Topical term or geographic name entry element BEANBY ESTATES LTD V EGG STORES (STAMFORD HILL) LTD
650 ## - SUBJECT ADDED ENTRY--TOPICAL TERM
Topical term or geographic name entry element LANDLORD AND TENANT ACT 1954 PART II
650 ## - SUBJECT ADDED ENTRY--TOPICAL TERM
Topical term or geographic name entry element SECURITY OF TENURE
650 ## - SUBJECT ADDED ENTRY--TOPICAL TERM
Topical term or geographic name entry element SECTION 25 NOTICES
650 ## - SUBJECT ADDED ENTRY--TOPICAL TERM
Topical term or geographic name entry element RECORDED DELIVERY
650 ## - SUBJECT ADDED ENTRY--TOPICAL TERM
Topical term or geographic name entry element LANDLORD AND TENANT ACT 1927 S23
650 ## - SUBJECT ADDED ENTRY--TOPICAL TERM
Topical term or geographic name entry element RECORDED DELIVERY SERVICE ACT 1962
650 ## - SUBJECT ADDED ENTRY--TOPICAL TERM
Topical term or geographic name entry element INTERPRETATION ACT 1978 S7
650 ## - SUBJECT ADDED ENTRY--TOPICAL TERM
Topical term or geographic name entry element CONVENTION FOR THE PROTECTION OF HUMAN RIGHTS AND FUNDAMENTAL FREEDOMS
690 ## - LOCAL SUBJECT ADDED ENTRY--TOPICAL TERM (OCLC, RLIN)
Topical term or geographic name as entry element LANDLORD AND TENANT-BUSINESS TENANCIES-CASE LAW
942 ## - ADDED ENTRY ELEMENTS (KOHA)
Suppress in OPAC 0
Holdings
Withdrawn status Lost status Source of classification or shelving scheme Damaged status Not for loan Home library Current library Shelving location Date acquired Total Checkouts Full call number Barcode Date last seen Copy number Price effective from Koha item type
    Dewey Decimal Classification     London London Journal article 29/09/2003   ABS67080 123747-1001 06/08/2019 1 06/08/2019 Law report